[Event "I Festival Sole di Puglia A"]
[Site "Giovinazzo ITA"]
[Date "2015.07.26"]
[Round "9"]
[White "Aleksic, Nenad"]
[Black "Coronel, Joshua"]
[WhiteElo "2337"]
[BlackElo "2017"]
[Result "1-0"]
[PlyCount "117"]
[EventDate "2015.07.19"]

1. e4 c5 2. Nf3 Nc6 3. d4 cxd4 4. Nxd4 Qb6 5. Nb3 Nf6 6. Nc3 e6 7. a3 Qc7 8. g3
a6 9. Bg2 Be7 10. O-O d6 11. a4 b6 12. f4 Rb8 13. Qe2 O-O 14. Kh1 Re8 15. Be3
Nd7 16. Rad1 Bf6 17. Nd4 Nxd4 18. Bxd4 Bb7 19. Qd2 Red8 20. Rf3 Be7 21. Qe2
Rbc8 22. Rfd3 Nc5 23. R3d2 Bf8 24. h3 Qc6 25. Kh2 Nxa4 26. Nxa4 Qxa4 27. Bxb6
Re8 28. c3 Qc6 29. Ba5 Qc4 30. Bb4 Qxe2 31. Rxe2 d5 32. Bxf8 Kxf8 33. exd5 Bxd5
34. Bxd5 exd5 35. Rxe8+ Rxe8 36. Rd2 Re1 37. Kg2 Ke7 38. Kf3 Rb1 39. Ke3 Ke6
40. b4 Kd6 41. Ra2 Rg1 42. Rxa6+ Kd7 43. g4 h5 44. gxh5 Rg3+ 45. Kd4 Rxh3 46.
Ra5 Rh4 47. Rxd5+ Ke6 48. Re5+ Kd6 49. Rd5+ Kc6 50. Rc5+ Kd6 51. Ke4 Rh1 52.
Rg5 Ke6 53. Rxg7 Rxh5 54. Rg5 Rh1 55. c4 Rc1 56. Kd4 Kd6 57. Rd5+ Kc7 58. Kc5
Re1 59. Re5 1-0

[Event "I Festival Sole di Puglia A"]
[Site "Giovinazzo ITA"]
[Date "2015.07.26"]
[Round "9"]
[White "Dappiano, Andrea"]
[Black "Balog, Imre"]
[WhiteElo "2204"]
[BlackElo "2531"]
[Result "0-1"]
[PlyCount "96"]
[EventDate "2015.07.19"]

1. e4 e6 2. d3 c5 3. g3 Nc6 4. Bg2 g6 5. Nc3 Bg7 6. Be3 Nd4 7. Nce2 d6 8. c3
Nc6 9. Qd2 Nf6 10. h3 O-O 11. f4 Qc7 12. Nf3 c4 13. O-O cxd3 14. Qxd3 e5 15.
Rad1 Rd8 16. Nd2 b5 17. f5 gxf5 18. exf5 d5 19. g4 h6 20. Nb3 a5 21. Qd2 Kh7
22. Qe1 Ne7 23. Qh4 Ra6 24. g5 Nxf5 25. Rxf5 Bxf5 26. gxf6 Rxf6 27. Rf1 Qc4 28.
Ned4 exd4 29. Nxd4 Re8 30. Bg5 Rg6 31. Rxf5 Rxg5 32. Rxg5 Bxd4+ 33. Kh1 Bxc3
34. Rg4 Re1+ 35. Qxe1 Bxe1 36. Rxc4 dxc4 37. Bf1 Kg7 38. Kg2 Kf6 39. a4 c3 40.
bxc3 bxa4 41. Bc4 Bxc3 42. Kf3 Kg6 43. Kg4 f5+ 44. Kf3 Kf6 45. Ba2 Ke5 46. Ke3
a3 47. Bg8 Bb2 48. Ba2 Bc1+ 0-1

[Event "I Festival Sole di Puglia A"]
[Site "Giovinazzo ITA"]
[Date "2015.07.26"]
[Round "9"]
[White "Lattanzio, Savino"]
[Black "Belezky, Alexander"]
[WhiteElo "2155"]
[BlackElo "2454"]
[Result "0-1"]
[PlyCount "64"]
[EventDate "2015.07.19"]

1. d4 Nf6 2. Nf3 g6 3. Nbd2 c5 4. e3 Bg7 5. Be2 b6 6. O-O Bb7 7. b3 O-O 8. Bb2
d6 9. c4 Nbd7 10. Qc2 cxd4 11. Nxd4 Rc8 12. Rac1 a6 13. Qb1 e5 14. Nc2 Nc5 15.
Rfd1 Qe7 16. Qa1 Rfe8 17. Ne1 h5 18. Nd3 Ne6 19. b4 Nd7 20. a4 f5 21. Nb3 h4
22. a5 Qg5 23. Ne1 Bxg2 24. Nxg2 h3 25. Bf1 hxg2 26. Bxg2 f4 27. Kh1 bxa5 28.
Rxd6 Nf6 29. h3 Qh5 30. Nd2 Ng5 31. Kh2 Ng4+ 32. Kg1 Nxh3+ 0-1

[Event "I Festival Sole di Puglia A"]
[Site "Giovinazzo ITA"]
[Date "2015.07.26"]
[Round "9"]
[White "Naumkin, Igor"]
[Black "Sarno, Spartaco"]
[WhiteElo "2437"]
[BlackElo "2317"]
[Result "1/2-1/2"]
[PlyCount "89"]
[EventDate "2015.07.19"]

1. d4 Nf6 2. c4 e6 3. Nf3 d5 4. Nc3 c6 5. e3 Nbd7 6. Qc2 Bd6 7. Bd3 O-O 8. O-O
dxc4 9. Bxc4 e5 10. Bb3 Qe7 11. h3 Bb8 12. Bd2 b6 13. Rfe1 Bb7 14. dxe5 Nxe5
15. Nxe5 Bxe5 16. e4 Rad8 17. Bg5 h6 18. Bh4 Rfe8 19. Ne2 g5 20. Bg3 c5 21. f4
Bxe4 22. Qc1 gxf4 23. Bxf4 Bxf4 24. Qxf4 Bg6 25. Qxh6 Qe3+ 26. Qxe3 Rxe3 27.
Nf4 Rxe1+ 28. Rxe1 Be4 29. Nh5 Nxh5 30. Rxe4 Rd7 31. Bc4 Kf8 32. a4 Nf6 33. Re3
Rd4 34. b3 Ne4 35. Rd3 Kg7 36. Rxd4 cxd4 37. Kf1 f5 38. Ke2 Kf6 39. Kf3 Ke5 40.
h4 Nc5 41. g4 fxg4+ 42. Kxg4 Kf6 43. Kf4 a6 44. Bd5 b5 45. axb5 1/2-1/2

[Event "C.to Mondiale U20 femminile"]
[Site "Khanty-Mansiysk RUS"]
[Date "2015.09.02"]
[Round "1"]
[White "Drogovoz, Maria"]
[Black "Movileanu, Daniela"]
[WhiteElo "1924"]
[BlackElo "2221"]
[Result "0-1"]
[PlyCount "110"]
[EventDate "2015.09.02"]

1. e4 c5 2. Nf3 d6 3. Nc3 Nf6 4. d4 cxd4 5. Nxd4 a6 6. g3 e5 7. Nb3 Nbd7 8. a4
b6 9. Bg2 Be7 10. O-O O-O 11. Re1 Bb7 12. Nd2 Rc8 13. Nf1 Nc5 14. f3 Ne6 15.
Nd5 Nxd5 16. exd5 Nc5 17. f4 Bf6 18. Ra2 b5 19. axb5 axb5 20. fxe5 Bxe5 21. b3
Qb6 22. Kh1 Nd7 23. Be3 Qc7 24. Bd4 Ra8 25. Rxa8 Rxa8 26. Ne3 Bxd4 27. Qxd4 Ne5
28. Qb4 g6 29. h3 Qa5 30. Qxa5 Rxa5 31. Bf1 Kg7 32. c4 Ra3 33. cxb5 Rxb3 34.
Kg2 Rb2+ 35. Re2 Rxb5 36. Rd2 Rb3 37. Nc2 Rb2 38. Kf2 Bxd5 39. Rxd5 Rxc2+ 40.
Ke3 Rc3+ 41. Kf2 Rc6 42. Ke3 Kf8 43. Kf4 Ke7 44. h4 Rc3 45. Be2 h5 46. Rd4 Rc2
47. Re4 Kf6 48. g4 hxg4 49. Bxg4 Nxg4 50. Kxg4 d5 51. Re8 Rc4+ 52. Kg3 Kf5 53.
Rf8 f6 54. Rf7 Rg4+ 55. Kh3 Re4 0-1

[Event "C.to Mondiale U20 femminile"]
[Site "Khanty-Mansiysk RUS"]
[Date "2015.09.03"]
[Round "2"]
[White "Movileanu, Daniela"]
[Black "Badamkhand, Norovsambuu"]
[WhiteElo "2221"]
[BlackElo "2001"]
[Result "1-0"]
[PlyCount "119"]
[EventDate "2015.09.02"]

1. e4 c6 2. d4 d5 3. Nd2 dxe4 4. Nxe4 Bf5 5. Ng3 Bg6 6. Nh3 e6 7. Nf4 Bd6 8.
Ngh5 Bxf4 9. Nxf4 Ne7 10. Bc4 Nd5 11. Nxg6 hxg6 12. c3 Qc7 13. g3 Nd7 14. Bd2
N7f6 15. Qe2 O-O-O 16. O-O-O Rh5 17. Bb3 e5 18. c4 Nb6 19. g4 Rhh8 20. dxe5
Rhe8 21. Bc3 Nfd7 22. Rhe1 Nc5 23. Bc2 Ne6 24. b3 Qe7 25. Kb2 Nd7 26. Qe3 Qc5
27. Qf3 Qe7 28. a3 Rh8 29. Qg3 g5 30. Rh1 Nf4 31. Qe3 Kb8 32. Rd6 Nb6 33. Rhd1
Nc8 34. Rxd8 Rxd8 35. Rxd8 Qxd8 36. h4 Ne6 37. hxg5 Qxg5 38. Qxg5 Nxg5 39. f4
Ne6 40. f5 Nd8 41. e6 fxe6 42. Be5+ Ka8 43. Bxg7 exf5 44. gxf5 Nf7 45. c5 Ne7
46. f6 Ng8 47. Bg6 Ngh6 48. Bxh6 Nxh6 49. f7 Nxf7 50. Bxf7 Kb8 51. Kc3 Kc7 52.
Kc4 Kd7 53. Bh5 Kc7 54. b4 a6 55. Kd4 Kb8 56. Ke5 Ka7 57. Kd6 a5 58. bxa5 Ka6
59. Bf3 Kxa5 60. Bxc6 1-0

[Event "C.to Mondiale U20 femminile"]
[Site "Khanty-Mansiysk RUS"]
[Date "2015.09.04"]
[Round "3"]
[White "Khomeriki, Nino"]
[Black "Movileanu, Daniela"]
[WhiteElo "2296"]
[BlackElo "2221"]
[Result "1-0"]
[PlyCount "81"]
[EventDate "2015.09.02"]

1. d4 Nf6 2. Nf3 g6 3. g3 Bg7 4. Bg2 d5 5. O-O O-O 6. c4 dxc4 7. Na3 Nc6 8.
Nxc4 Be6 9. b3 Bd5 10. Bb2 a5 11. e3 a4 12. Qe2 Ra6 13. Rfd1 Qc8 14. Ncd2 a3
15. Bc3 Ne4 16. Rac1 Nxc3 17. Rxc3 Nb4 18. Nb1 Rd8 19. Rc5 Bxb3 20. Rd2 Bxa2
21. Rxa2 Nxa2 22. Qxa2 Qe6 23. Rc2 Qxa2 24. Rxa2 Rda8 25. Ne1 R8a7 26. Be4 e5
27. d5 Bf8 28. g4 b5 29. Bc2 c6 30. e4 cxd5 31. exd5 b4 32. Bb3 Rc7 33. Nd2 Rc1
34. Kf1 Bc5 35. Ke2 Bd4 36. Ne4 Ra1 37. Rxa1 Bxa1 38. Nc2 Bb2 39. d6 Kf8 40.
Nxb4 Rb6 41. d7 1-0

[Event "C.to Mondiale U20 femminile"]
[Site "Khanty-Mansiysk RUS"]
[Date "2015.09.05"]
[Round "4"]
[White "Movileanu, Daniela"]
[Black "Nguyen, Thi Thuy Trien"]
[WhiteElo "2221"]
[BlackElo "1939"]
[Result "0-1"]
[PlyCount "60"]
[EventDate "2015.09.02"]

1. e4 d5 2. exd5 Nf6 3. d4 Bg4 4. f3 Bf5 5. Bd3 Qxd5 6. Nc3 Qd7 7. Be3 Nc6 8.
Nge2 Bxd3 9. Qxd3 Nb4 10. Qd2 e6 11. O-O Nbd5 12. Nxd5 exd5 13. Rfe1 O-O-O 14.
a4 h6 15. b4 g5 16. h3 Nh5 17. c3 f5 18. Qd3 Bd6 19. Bf2 Rdg8 20. g4 fxg4 21.
fxg4 Nf4 22. Nxf4 gxf4 23. Kf1 h5 24. Qf3 hxg4 25. hxg4 Rxg4 26. Qxd5 f3 27.
Qxf3 Rf8 28. Qe3 Rxf2+ 29. Kxf2 Qf5+ 30. Ke2 Rg2+ 0-1

[Event "C.to Mondiale U20 femminile"]
[Site "Khanty-Mansiysk RUS"]
[Date "2015.09.06"]
[Round "5"]
[White "Ibrahimova, Sabina"]
[Black "Movileanu, Daniela"]
[WhiteElo "2215"]
[BlackElo "2221"]
[Result "1-0"]
[PlyCount "95"]
[EventDate "2015.09.02"]

1. e4 c5 2. Nf3 d6 3. d4 cxd4 4. Nxd4 Nf6 5. Nc3 Bd7 6. h3 e5 7. Nde2 Bc6 8.
Bg5 Nbd7 9. Ng3 h6 10. Be3 g6 11. Bc4 Be7 12. Qf3 h5 13. h4 Qa5 14. O-O-O b5
15. Bb3 b4 16. Nd5 Bxd5 17. Rxd5 Qc7 18. Rd2 a5 19. Ba4 Ng4 20. Bg5 f6 21. Be3
Kf7 22. Nf1 Rhd8 23. Bb3+ Kg7 24. Be6 Nxe3 25. Nxe3 Nc5 26. Bd5 Rab8 27. g4 Rh8
28. gxh5 Rxh5 29. Rg1 Rbh8 30. Nf5+ Kf8 31. Rxg6 R5h7 32. Nxe7 Qxe7 33. Rxf6+
Ke8 34. Bc6+ Kd8 35. Rfxd6+ Kc7 36. Rd7+ Nxd7 37. Rxd7+ Qxd7 38. Bxd7 Rxd7 39.
Qf6 Rh5 40. f4 exf4 41. e5 Rhh7 42. e6 Rde7 43. Qxf4+ Kc6 44. Qc4+ Kb6 45. a4
bxa3 46. bxa3 Rh6 47. Qd4+ Kc6 48. Qe4+ 1-0

[Event "C.to Mondiale U20 femminile"]
[Site "Khanty-Mansiysk RUS"]
[Date "2015.09.07"]
[Round "6"]
[White "Movileanu, Daniela"]
[Black "Lingur, Zalina"]
[WhiteElo "2221"]
[BlackElo "2128"]
[Result "1-0"]
[PlyCount "107"]
[EventDate "2015.09.02"]

1. e4 c5 2. Nf3 d6 3. d4 cxd4 4. Nxd4 Nf6 5. Nc3 a6 6. Be3 e5 7. Nb3 Be6 8. h3
Nbd7 9. g4 b5 10. a4 b4 11. Nd5 Bxd5 12. exd5 Nb6 13. Bxb6 Qxb6 14. a5 Qc7 15.
Ra4 Qb7 16. Qd3 Be7 17. Qc4 O-O 18. Rxb4 Qxd5 19. Qxd5 Nxd5 20. Rb7 Bh4 21. Nd2
Nf4 22. Nf3 Bf6 23. c3 Rfc8 24. Kd2 Bd8 25. b4 Nd5 26. Bd3 Rxc3 27. Be4 Rac8
28. Bxd5 Rc2+ 29. Ke1 Rc1+ 30. Ke2 Rxh1 31. Nxe5 Rhc1 32. Nxf7 R8c2+ 33. Kf3
Rc3+ 34. Kg2 Bh4 35. Rb8+ Rc8 36. Nxd6+ Kf8 37. Rxc8+ Rxc8 38. Nxc8 Bf6 39. b5
axb5 40. a6 Bd4 41. a7 Bxa7 42. Nxa7 g6 43. Nxb5 Kg7 44. g5 h6 45. h4 Kh7 46.
Kg3 hxg5 47. hxg5 Kg7 48. Kf4 Kh7 49. Ke5 Kg7 50. Nd6 Kh7 51. Kf6 Kh8 52. f4
Kh7 53. f5 Kh8 54. Ne8 1-0

[Event "C.to Mondiale U20 femminile"]
[Site "Khanty-Mansiysk RUS"]
[Date "2015.09.08"]
[Round "7"]
[White "Sazonova, Anastasia"]
[Black "Movileanu, Daniela"]
[WhiteElo "2020"]
[BlackElo "2221"]
[Result "1/2-1/2"]
[PlyCount "64"]
[EventDate "2015.09.02"]

1. d4 Nf6 2. c4 g6 3. Nc3 d5 4. e3 Bg7 5. Qb3 dxc4 6. Bxc4 O-O 7. Nf3 Nc6 8.
Be2 b6 9. O-O Bb7 10. Rd1 e6 11. Qa4 Qe7 12. Ba6 Bxa6 13. Qxa6 Rfd8 14. Qa4 Qe8
15. b3 Ne7 16. Qxe8+ Nxe8 17. Ba3 c5 18. Rac1 Nf5 19. Ne2 cxd4 20. Nfxd4 Nxd4
21. Nxd4 Rac8 22. Nf3 Rxd1+ 23. Rxd1 Nf6 24. Rc1 Rxc1+ 25. Bxc1 Ne4 26. Kf1 Kf8
27. Nd2 Nxd2+ 28. Bxd2 Ke7 29. Ke2 Kd6 30. Bb4+ Kc6 31. Kd3 Kb5 32. Be7 a6
1/2-1/2

[Event "C.to Mondiale U20 femminile"]
[Site "Khanty-Mansiysk RUS"]
[Date "2015.09.10"]
[Round "8"]
[White "Movileanu, Daniela"]
[Black "Pratyusha, Bodda"]
[WhiteElo "2221"]
[BlackElo "2326"]
[Result "1-0"]
[PlyCount "53"]
[EventDate "2015.09.02"]

1. e4 e5 2. Nf3 Nc6 3. Bc4 Bc5 4. O-O Nf6 5. d4 Bxd4 6. Nxd4 Nxd4 7. f4 d6 8.
fxe5 dxe5 9. Bg5 Be6 10. Na3 Qe7 11. c3 Bxc4 12. Bxf6 gxf6 13. Nxc4 Ne6 14. Ne3
Qc5 15. Qd2 Rd8 16. Qf2 Nf4 17. Kh1 Qc6 18. Qf3 Rd3 19. Rad1 Rxd1 20. Rxd1 Rg8
21. g3 Nh3 22. Nd5 Rg5 23. Qf1 Qa4 24. Nxf6+ Ke7 25. b3 Qxa2 26. Rd7+ Ke6 27.
Qc4+ 1-0

[Event "C.to Mondiale U20 femminile"]
[Site "Khanty-Mansiysk RUS"]
[Date "2015.09.11"]
[Round "9"]
[White "Gaboyan, Susanna"]
[Black "Movileanu, Daniela"]
[WhiteElo "2107"]
[BlackElo "2221"]
[Result "1-0"]
[PlyCount "61"]
[EventDate "2015.09.02"]

1. d4 Nf6 2. c4 g6 3. Nc3 d5 4. Bf4 Bg7 5. e3 O-O 6. Rc1 Be6 7. Nf3 c6 8. Be2
h6 9. O-O dxc4 10. Ne5 b5 11. Bf3 Nd5 12. Bg3 Qb6 13. e4 Nxc3 14. bxc3 Rd8 15.
Bg4 Bxg4 16. Qxg4 Qb7 17. f4 Nd7 18. f5 Nf6 19. Qf3 g5 20. h4 gxh4 21. Bxh4 c5
22. d5 Nxd5 23. exd5 Bxe5 24. Qg4+ Kf8 25. f6 exf6 26. Rxf6 Qxd5 27. Rf5 Rd6
28. Rcf1 Re8 29. Qh5 Rd7 30. Qxh6+ Bg7 31. Rxd5 1-0

[Event "C.to Mondiale U20 femminile"]
[Site "Khanty-Mansiysk RUS"]
[Date "2015.09.12"]
[Round "10"]
[White "Movileanu, Daniela"]
[Black "Sviridova, Vlada"]
[WhiteElo "2221"]
[BlackElo "2125"]
[Result "1-0"]
[PlyCount "137"]
[EventDate "2015.09.02"]

1. e4 e6 2. d4 d5 3. Nd2 dxe4 4. Nxe4 Bd7 5. Nf3 Bc6 6. Bd3 Nd7 7. O-O Ngf6 8.
Ng3 Be7 9. b3 Bxf3 10. Qxf3 c6 11. Bb2 O-O 12. c4 Qa5 13. a3 Rad8 14. Rfe1 Rfe8
15. Rad1 Qc7 16. Re2 Nf8 17. Ne4 Nxe4 18. Qxe4 Bf6 19. Bc2 c5 20. Red2 b6 21.
Bc3 Ng6 22. Qe3 cxd4 23. Bxd4 Bxd4 24. Rxd4 e5 25. R4d2 Rxd2 26. Qxd2 Nf4 27.
Qd7 Qb8 28. Be4 Ne2+ 29. Kf1 Nd4 30. Bd5 Rf8 31. Rd3 a5 32. Rg3 g6 33. h4 Kg7
34. Re3 Nf5 35. Re4 Qd8 36. Qxd8 Rxd8 37. Rxe5 Rd7 38. g3 Nd4 39. b4 Nc2 40.
bxa5 bxa5 41. Re2 Nd4 42. Rb2 Kf6 43. Rb6+ Ke7 44. Ra6 Nb3 45. Ke2 f5 46. Ke3
Rc7 47. Kf4 Nd2 48. Rxa5 Nxc4 49. Bxc4 Rxc4+ 50. Kg5 Kf7 51. Ra7+ Kg8 52. Kh6
Rc2 53. Rxh7 Rxf2 54. Rg7+ Kf8 55. Rxg6 Rf3 56. a4 Kf7 57. a5 f4 58. gxf4 Rxf4
59. h5 Rf5 60. Rg5 Rf6+ 61. Kh7 Ra6 62. h6 Ra8 63. Rg7+ Kf6 64. a6 Rc8 65. Rg6+
Kf7 66. Rg2 Ra8 67. Rf2+ Ke8 68. Rf6 Ke7 69. Kg7 1-0

[Event "C.to Mondiale U20 femminile"]
[Site "Khanty-Mansiysk RUS"]
[Date "2015.09.13"]
[Round "11"]
[White "Navrotescu, Andreea-Cristiana"]
[Black "Movileanu, Daniela"]
[WhiteElo "2263"]
[BlackElo "2221"]
[Result "1-0"]
[PlyCount "65"]
[EventDate "2015.09.02"]

1. d4 d5 2. Nf3 Nf6 3. e3 e6 4. Bd3 Be7 5. O-O O-O 6. b3 a5 7. a3 b6 8. Bb2 Bb7
9. c4 Nbd7 10. Nc3 c5 11. Qe2 Bd6 12. Nb5 Bb8 13. Ne5 Qe7 14. Rac1 Rd8 15. Bb1
Ne8 16. f4 Nf8 17. cxd5 exd5 18. dxc5 bxc5 19. a4 d4 20. exd4 f6 21. dxc5 fxe5
22. c6 Ba6 23. fxe5 Nc7 24. Qe4 Nce6 25. Ba3 Qg5 26. Bxf8 Nxf8 27. c7 Bxc7 28.
Rxc7 Rac8 29. Rcf7 Qh6 30. Bd3 Ne6 31. Bc4 Kh8 32. Qf5 Bxb5 33. axb5 1-0

[Event "C.to Mondiale U20 femminile"]
[Site "Khanty-Mansiysk RUS"]
[Date "2015.09.14"]
[Round "12"]
[White "Movileanu, Daniela"]
[Black "Rodriguez Rueda, Paula Andrea"]
[WhiteElo "2221"]
[BlackElo "2358"]
[Result "1/2-1/2"]
[PlyCount "85"]
[EventDate "2015.09.02"]

1. e4 c5 2. Nf3 d6 3. d4 cxd4 4. Nxd4 Nf6 5. Nc3 a6 6. Be3 e6 7. f3 b5 8. Qd2
Nbd7 9. O-O-O Bb7 10. g4 h6 11. h4 b4 12. Na4 Qa5 13. b3 Nc5 14. a3 Nxa4 15.
axb4 Qc7 16. bxa4 d5 17. e5 Nd7 18. f4 Nb6 19. f5 Nxa4 20. fxe6 Nc3 21. exf7+
Kxf7 22. Bd3 Bxb4 23. Rdf1+ Kg8 24. Qg2 Qxe5 25. Rh3 Ba3+ 26. Kd2 Ne4+ 27. Ke2
Bc5 28. Rf5 Qe7 29. Kf1 Re8 30. Kg1 a5 31. Rhf3 Qxh4 32. Rf7 Qe1+ 33. Bf1 Nd6
34. Rxg7+ Kxg7 35. Nf5+ Kh7 36. Bxc5 Nxf5 37. Rxf5 Rhg8 38. Rf7+ Rg7 39. Qf3
Kg8 40. Rf8+ Rxf8 41. Qxf8+ Kh7 42. Qf5+ Kg8 43. Qf8+ 1/2-1/2

[Event "C.to Mondiale U20 femminile"]
[Site "Khanty-Mansiysk RUS"]
[Date "2015.09.15"]
[Round "13"]
[White "Aulia, Medina Warda"]
[Black "Movileanu, Daniela"]
[WhiteElo "2417"]
[BlackElo "2221"]
[Result "1-0"]
[PlyCount "95"]
[EventDate "2015.09.02"]

1. e4 c5 2. Nf3 g6 3. d4 cxd4 4. Nxd4 Nc6 5. c4 Bg7 6. Be3 Nf6 7. Nc3 O-O 8.
Be2 Nxd4 9. Bxd4 d6 10. O-O Bd7 11. Rc1 Bc6 12. f3 a5 13. b3 Nd7 14. Be3 Nc5
15. Qd2 Qb6 16. Rb1 Qb4 17. Rfc1 Rfe8 18. Qb2 Qb6 19. Kh1 Qc7 20. Qd2 Rf8 21.
Bd1 f5 22. exf5 gxf5 23. a3 b6 24. b4 axb4 25. axb4 Nd7 26. Nd5 Qd8 27. Nf4 Rf6
28. Nh5 Rg6 29. Nxg7 Kxg7 30. Ra1 e5 31. Bc2 Qf8 32. Rxa8 Bxa8 33. Ra1 f4 34.
Bxg6 fxe3 35. Qa2 Kxg6 36. Qxa8 Qxa8 37. Rxa8 Kf5 38. Kg1 e4 39. Rd8 Ne5 40.
Rxd6 exf3 41. gxf3 Nxf3+ 42. Kf1 Nd2+ 43. Ke2 Nxc4 44. Rc6 b5 45. Rc5+ Ke4 46.
Rxb5 Nd6 47. Rh5 Nf5 48. Rxf5 1-0

[Event "IV Weekend A"]
[Site "Lesa ITA"]
[Date "2015.09.18"]
[Round "1"]
[White "Agnello, Francesco Claudio"]
[Black "Stefanetti, Marco"]
[WhiteElo "1945"]
[BlackElo "2113"]
[Result "0-1"]
[PlyCount "74"]
[EventDate "2015.09.18"]

1. e4 c6 2. c4 d5 3. exd5 cxd5 4. cxd5 Nf6 5. Bb5+ Nbd7 6. Nc3 g6 7. Nf3 Bg7 8.
d4 O-O 9. Bxd7 Qxd7 10. Ne5 Qd6 11. Nc4 Qa6 12. Qe2 b5 13. Ne3 b4 14. Qxa6 Bxa6
15. Na4 Rfd8 16. Nc5 Bb5 17. Nb7 Rd7 18. Nc5 Rd6 19. Bd2 Nxd5 20. Nb7 Rd7 21.
Nc5 Rdd8 22. Nb7 Rdb8 23. Nxd5 Rxb7 24. Nxb4 Bxd4 25. Nc2 Bxb2 26. Rb1 Bd3 27.
Na3 Bxb1 28. Nxb1 Be5 29. O-O Rc8 30. a4 a6 31. Be3 Rc2 32. Na3 Ra2 33. Nc4 Bf6
34. Nb6 Ra3 35. Nd5 Rxa4 36. Rc1 Bd4 37. Bh6 Ra1 0-1

[Event "IV Weekend A"]
[Site "Lesa ITA"]
[Date "2015.09.18"]
[Round "1"]
[White "Barletta, Mauro"]
[Black "Ferrari, Nicola"]
[WhiteElo "2151"]
[BlackElo "1953"]
[Result "1/2-1/2"]
[PlyCount "95"]
[EventDate "2015.09.18"]

1. d4 Nf6 2. Bg5 e6 3. e4 Be7 4. Nd2 Nc6 5. c3 h6 6. Bxf6 Bxf6 7. f4 d6 8. Ngf3
e5 9. dxe5 dxe5 10. f5 O-O 11. Qc2 b6 12. h4 Bd7 13. g4 g5 14. fxg6 fxg6 15.
Bc4+ Kg7 16. Bd5 Rb8 17. O-O-O Qe7 18. Rdg1 g5 19. Nf1 gxh4 20. Kb1 Bg5 21. Rh3
Qf6 22. a3 Ne7 23. Qh2 Ng6 24. Ka2 Nf4 25. Nxg5 hxg5 26. Rf3 Qd6 27. Qd2 c6 28.
Ne3 cxd5 29. exd5 Rbe8 30. Rd1 Qc5 31. Rff1 b5 32. Rg1 a6 33. Rc1 Rh8 34. Qf2
Qe7 35. Qd2 h3 36. Rcd1 Qd6 37. c4 h2 38. Rh1 Rc8 39. Rxh2 Rxh2 40. Qxh2 Rh8
41. Qd2 bxc4 42. Nxc4 Qf6 43. Ne3 Bb5 44. Nf5+ Kg6 45. Qc2 Rh3 46. Ng3+ Kh6 47.
Nf5+ Kg6 48. Ng3+ 1/2-1/2

[Event "IV Weekend A"]
[Site "Lesa ITA"]
[Date "2015.09.18"]
[Round "1"]
[White "Bejo, Armand"]
[Black "Schmid, Christoph"]
[WhiteElo "1655"]
[BlackElo "1990"]
[Result "0-1"]
[PlyCount "48"]
[EventDate "2015.09.18"]

1. e4 e6 2. d4 d5 3. e5 c5 4. c3 Nc6 5. Nf3 Bd7 6. Bd3 cxd4 7. cxd4 Qb6 8. Bc2
Nb4 9. O-O Nxc2 10. Qxc2 Rc8 11. Qd1 Ne7 12. Nc3 Nf5 13. a3 Be7 14. g4 Nh4 15.
Nxh4 Bxh4 16. Kg2 Be7 17. f4 O-O 18. Rf3 f6 19. Rh3 fxe5 20. fxe5 Rf7 21. Qd3
g6 22. b4 Rcf8 23. Nd1 Bb5 24. Qc3 Bf1+ 0-1

[Event "IV Weekend A"]
[Site "Lesa ITA"]
[Date "2015.09.18"]
[Round "1"]
[White "Boschetti, Claudio"]
[Black "Pedoni, Lorenzo"]
[WhiteElo "2158"]
[BlackElo "1969"]
[Result "1-0"]
[PlyCount "79"]
[EventDate "2015.09.18"]

1. e4 c5 2. Nf3 Nc6 3. d3 g6 4. c3 Bg7 5. Be2 e6 6. a4 Nge7 7. Nbd2 b6 8. h4 h5
9. Ng5 Bb7 10. f4 d5 11. e5 Nf5 12. Nf1 Qd7 13. Ne3 Ng3 14. Rh3 Nxe2 15. Qxe2
Na5 16. Qc2 d4 17. Nd1 Qd5 18. Ne4 O-O 19. Ndf2 dxc3 20. bxc3 Rfd8 21. g4 Qb3
22. Qe2 hxg4 23. Qxg4 Qc2 24. Qe2 Qxe2+ 25. Kxe2 Nb3 26. Rb1 Nxc1+ 27. Rxc1 Bh6
28. Rf3 Bc6 29. h5 Bxa4 30. Ng4 Bf8 31. Ngf6+ Kg7 32. hxg6 Be7 33. gxf7 Bxf6
34. Nxf6 Kxf7 35. Rg3 Be8 36. Rh1 Ke7 37. Rh7+ Bf7 38. Rgg7 Rf8 39. Ne4 Rad8
40. Ng5 1-0

[Event "IV Weekend A"]
[Site "Lesa ITA"]
[Date "2015.09.18"]
[Round "1"]
[White "Floris, Federico"]
[Black "Bargeri, Ludovico"]
[WhiteElo "1905"]
[BlackElo "2092"]
[Result "0-1"]
[PlyCount "81"]
[EventDate "2015.09.18"]

1. e4 e6 2. d4 d5 3. Nc3 Bb4 4. e5 c5 5. a3 Bxc3+ 6. bxc3 Qa5 7. Bd2 Qa4 8. Qg4
Kf8 9. Qd1 b6 10. Nf3 Ba6 11. Bd3 Bxd3 12. cxd3 Qxd1+ 13. Rxd1 Nc6 14. dxc5
bxc5 15. Be3 c4 16. dxc4 dxc4 17. O-O Nge7 18. Bc5 Ke8 19. Rb1 Nd5 20. Rfc1 h6
21. Rb7 Na5 22. Rxa7 Rxa7 23. Bxa7 Nb3 24. Rc2 Kd7 25. g3 Ra8 26. Bd4 Rxa3 27.
Kg2 f6 28. exf6 gxf6 29. Be3 Nxe3+ 30. fxe3 Kc6 31. Rb2 Kd5 32. Kf2 e5 33. Ne1
Nc5 34. Rd2+ Kc6 35. Rc2 Ne4+ 36. Ke2 Nxc3+ 37. Kf3 Kc5 38. Rb2 Rb3 39. Rd2 Na4
40. Nc2 Rb2 41. Rf2 0-1

[Event "IV Weekend A"]
[Site "Lesa ITA"]
[Date "2015.09.18"]
[Round "1"]
[White "Medici, Simone"]
[Black "Gemelli, Giovanni"]
[WhiteElo "2110"]
[BlackElo "1946"]
[Result "1-0"]
[PlyCount "71"]
[EventDate "2015.09.18"]

1. d4 Nf6 2. c4 g6 3. Nc3 Bg7 4. e4 d6 5. f4 O-O 6. Nf3 e5 7. dxe5 dxe5 8. Qxd8
Rxd8 9. Nxe5 Be6 10. Bd2 Na6 11. O-O-O Nc5 12. Re1 Ne8 13. Be3 Nd7 14. Nxd7
Bxc3 15. bxc3 Rxd7 16. e5 Ng7 17. Be2 c6 18. Rd1 Rc7 19. Kb2 b5 20. cxb5 cxb5
21. g4 a5 22. Bb6 Re7 23. Rd8+ Rxd8 24. Bxd8 Rb7 25. Rd1 h5 26. h3 hxg4 27.
hxg4 Ne8 28. Bf3 Rd7 29. Rxd7 Bxd7 30. Bxa5 Kg7 31. Bb6 Kh6 32. Ka3 Ng7 33. Be3
Kh7 34. Kb4 Ne6 35. Be2 Nc7 36. Kc5 1-0

[Event "IV Weekend A"]
[Site "Lesa ITA"]
[Date "2015.09.18"]
[Round "1"]
[White "Minerva, Enzo"]
[Black "Paleologu, Vladimir"]
[WhiteElo "1966"]
[BlackElo "2158"]
[Result "0-1"]
[PlyCount "128"]
[EventDate "2015.09.18"]

1. e4 d6 2. d4 Nf6 3. Nc3 Nbd7 4. Nf3 e5 5. Bc4 Be7 6. O-O c6 7. a4 Qc7 8. d5
Nc5 9. Nd2 a5 10. Ra3 O-O 11. Qf3 Bg4 12. Qg3 Qd7 13. h3 Bh5 14. f4 exf4 15.
Rxf4 Bg6 16. Be2 cxd5 17. Nxd5 Nxd5 18. exd5 Bxc2 19. Bb5 Qd8 20. Rc3 Bg6 21.
b4 axb4 22. Rxb4 Bf6 23. Rf3 Na6 24. Bxa6 Rxa6 25. Bb2 Bxb2 26. Rxb2 Rxa4 27.
Rfb3 Qf6 28. Rxb7 Qd4+ 29. Kh2 Qxd5 30. Rd7 Rd4 31. Nf3 Bf5 32. Nxd4 Bxd7 33.
Rd2 Qe5 34. Nf3 Qxg3+ 35. Kxg3 f6 36. Rxd6 Rf7 37. h4 h5 38. Kf4 Re7 39. Rd5 g6
40. Rd6 Kf7 41. Kg3 Bg4 42. Nh2 Bf5 43. Kf4 Re4+ 44. Kg3 Rb4 45. Nf3 Rg4+ 46.
Kf2 Be4 47. g3 Bf5 48. Nd4 Bc8 49. Rc6 Bd7 50. Rc4 Re4 51. Kf3 Re7 52. Rc3 Bg4+
53. Kf2 Re4 54. Rc7+ Kf8 55. Nf3 Ra4 56. Rc3 Ke7 57. Ke3 Bd7 58. Nd4 Kd6 59.
Ne2 Bc6 60. Nd4 Bd5 61. Nf3 Re4+ 62. Kd2 Bc4 63. Re3 Kd5 64. Ne1 Bb5 0-1

[Event "IV Weekend A"]
[Site "Lesa ITA"]
[Date "2015.09.18"]
[Round "1"]
[White "Rickly, Matthieu"]
[Black "Hofmann, Colin"]
[WhiteElo "2043"]
[BlackElo "1904"]
[Result "1-0"]
[PlyCount "89"]
[EventDate "2015.09.18"]

1. e4 c5 2. Nf3 d6 3. d4 cxd4 4. Nxd4 Nf6 5. Nc3 Nc6 6. Be2 e5 7. Nb3 Be7 8.
Be3 Be6 9. Qd2 O-O 10. O-O-O a6 11. f3 b5 12. g4 Bxb3 13. cxb3 Rc8 14. Kb1 Nb4
15. a3 Nc6 16. Nd5 Nxd5 17. Qxd5 Na5 18. Rc1 Qd7 19. b4 Nb7 20. g5 Nd8 21. Rxc8
Qxc8 22. Rc1 Qh3 23. Rc7 Qxh2 24. Qd2 Re8 25. Ra7 Ne6 26. Rxa6 Nd4 27. Bxd4
exd4 28. f4 Qh1+ 29. Ka2 Qxe4 30. Bd3 Qd5+ 31. Ka1 Rc8 32. Rb6 Qh1+ 33. Bb1 Qf1
34. Qd3 Qxd3 35. Bxd3 Rc1+ 36. Ka2 Rd1 37. Bxb5 d3 38. Bxd3 Rxd3 39. Rb8+ Bf8
40. a4 Re3 41. a5 Re7 42. b5 Ra7 43. b4 f6 44. b6 Ra6 45. b7 1-0